00587nam a2200181Ia 4500008004100000041000800041082002000049100001700069245003000086250001200116260001800128300000800146365001600154700001700170906003800187999001900225952016100244230718s9999 xx 000 0 und d aeng a621.382'75bAGA aAgarwal D.C. aFibre Optic Communication a2nd ed. c2007bWheeler a428 cRs.b200.00 aAgarwal D.C. dB:BMQ7CRQQ244308-Dec-2007cME INS c317952d317952 00104070aCCEPbCCEPd2008-01-02eS ChandfME INSg200.00iBMQ7CRQQ2443l0o621.382'75pCCEP-BK-29159r2023-07-18 00:00:00v200.00w2007-12-08yBKz029159